000 00508nam a22001697a 4500
999 _c41700
_d41700
003 OSt
005 20221110152822.0
008 221103b ||||| |||| 00| 0 eng d
020 _a9780070655737
040 _coclc
082 _a641.2
_bAND/F
100 1 _99200
_aAndrews, Sudhir
245 _aFood & beverage management /
_cAndrews Sudhir
260 _aDelhi:
_bmc Graw hill education india private limited,
_c2016
300 _a588p
942 _2ddc
_cBK
_h641.2
_iAND/F
_k641.2
_mAND/F